| 000 | 00650nam a2200265 4500 | ||
|---|---|---|---|
| 001 | BS2023000045 | ||
| 003 | BR-BrBNA | ||
| 005 | 20231017115913.0 | ||
| 008 | 230411b1994 bl.||||| |||| 00| 0 por d | ||
| 020 | _a85-220-363-7 | ||
| 040 |
_aBR-BrBNA _bpor. |
||
| 041 | _apor. | ||
| 072 | _aS91 | ||
| 100 | _aSilveira, Tasso da | ||
| 245 |
_aCruz e Sousa: _bPoesia / |
||
| 250 |
_a7. ed. _brev. |
||
| 260 |
_aRio de Janeiro - RJ : _bAgir, _c1994 |
||
| 300 | _a142 p. | ||
| 500 | _a(Nossos clássicos ; n. 4) | ||
| 650 | _aFICÇÃO CHILENA | ||
| 650 | _aPOESIA | ||
| 909 |
_a202304 _bMaria Neves |
||
| 942 | _cBK | ||
| 999 |
_c5021 _d5021 |
||